000 00449nam a2200193Ia 4500
008 101110s9999 xx 000 0 und d
041 _aENGLISH
082 _bSR4781
_a657
100 _aGupta & Gupta
245 _aBookkeeping & Accounts
365 _b9.1
520 _aCommerce
546 _aENGLISH
630 _aBookkeeping & Accounts
650 _aCommerce
655 _aCommerce
730 _aBookkeeping & Accounts
942 _cBOOK
999 _c800942
_d800939